| 000 | 00767nam a22001937a 4500 | ||
|---|---|---|---|
| 999 |
_c371209 _d371209 |
||
| 008 | 201127b ||||| |||| 00| 0 eng d | ||
| 040 |
_aDE-2950 _bger _cDE-2950 _erda |
||
| 041 | _ager | ||
| 245 |
_aKritik an geplanter Impfpflicht. _bPandemie: Im Klinikum, bei der AWO und Wichern sorgt die Impfpflicht für Pflegeberufe, wie sie die Bundesregierung plant, für Unmut / _cRené Matschkowiak und Thomas Gutke |
||
| 264 | _c2021 | ||
| 653 | _aFrankfurt (Oder) | ||
| 653 | _aPflegeberufe | ||
| 653 | _aPandemie / Corona | ||
| 773 |
_dFrankfurt (Oder) Märkisches Verlags- und Druckhaus GmbH & Co KG _tMärkische Oderzeitung _g32. Jahrgang (2021) Nr. 288 vom 09.12.2021, S. 13 |
||
| 942 | _cA | ||